| 000 | 00361nam a2200133 a 4500 | ||
|---|---|---|---|
| 001 | 000039410 | ||
| 005 | 20201002031633.0 | ||
| 008 | 130626s2002 dr ac 000 0 spa d | ||
| 040 |
_aDO-SdBNP _bspa _cBNPHU |
||
| 082 |
_axxx _bxxx |
||
| 245 | 0 | 0 | _aInforme anual 2002. |
| 260 |
_a[Santo Domingo] : _bFalconbridge, _c[2002]. |
||
| 300 |
_a40 p. : _bil., retr. ; _c28 cm. |
||
| 999 |
_c38900 _d38900 |
||